Tăng cường năng lực tham gia của hàng nông sản vào chuỗi giá trị toàn cầu trong điều kiện hiện nay ở Việt Nam
Những vấn đề lý luận về chuỗi giá trị toàn cầu đối với hàng nông sản. Thực trạng, phương hướng, một số chính sách và giải pháp nhằm tăng cường năng lực tham gia của hàng nông sản Việt Nam vào chuỗi giá trị toàn cầu...
Bewaard in:
| Hoofdauteur: | |
|---|---|
| Formaat: | Boek |
| Taal: | Undetermined |
| Gepubliceerd in: |
Hà Nội
Nxb. Công thương
2010
|
| Onderwerpen: | |
| Tags: |
Voeg label toe
Geen labels, Wees de eerste die dit record labelt!
|
| Thư viện lưu trữ: | Trung tâm Học liệu Trường Đại học Cần Thơ |
|---|
| LEADER | 01142nam a2200229Ia 4500 | ||
|---|---|---|---|
| 001 | CTU_190669 | ||
| 008 | 210402s9999 xx 000 0 und d | ||
| 020 | |c 85000 | ||
| 082 | |a 338.109597 | ||
| 082 | |b Th107 | ||
| 100 | |a Đinh, Văn Thành | ||
| 245 | 0 | |a Tăng cường năng lực tham gia của hàng nông sản vào chuỗi giá trị toàn cầu trong điều kiện hiện nay ở Việt Nam | |
| 245 | 0 | |c Đinh Văn Thành chủ biên | |
| 260 | |a Hà Nội | ||
| 260 | |b Nxb. Công thương | ||
| 260 | |c 2010 | ||
| 520 | |a Những vấn đề lý luận về chuỗi giá trị toàn cầu đối với hàng nông sản. Thực trạng, phương hướng, một số chính sách và giải pháp nhằm tăng cường năng lực tham gia của hàng nông sản Việt Nam vào chuỗi giá trị toàn cầu | ||
| 650 | |a Agriculture,Nông nghiệp | ||
| 650 | |x Economic aspect,Khía cạnh kinh tế | ||
| 650 | |z Vietnam,Việt Nam | ||
| 910 | |a Hải | ||
| 980 | |a Trung tâm Học liệu Trường Đại học Cần Thơ | ||